A history of Nigeria / (Record no. 120173)
[ view plain ]
| 000 -LEADER | |
|---|---|
| fixed length control field | 00976cam a2200337 a 4500 |
| 001 - CONTROL NUMBER | |
| control field | 247238 |
| 003 - CONTROL NUMBER IDENTIFIER | |
| control field | ARRUPE |
| 005 - DATE AND TIME OF LATEST TRANSACTION | |
| control field | 20150423124442.0 |
| 008 - FIXED-LENGTH DATA ELEMENTS--GENERAL INFORMATION | |
| fixed length control field | 840821s1983 enka b 001 0 eng |
| 010 ## - LIBRARY OF CONGRESS CONTROL NUMBER | |
| LC control number | 81012342 |
| 020 ## - INTERNATIONAL STANDARD BOOK NUMBER | |
| International Standard Book Number | 0582643317 |
| 020 ## - INTERNATIONAL STANDARD BOOK NUMBER | |
| International Standard Book Number | 0582643309 (pbk.) |
| 035 ## - SYSTEM CONTROL NUMBER | |
| System control number | (OCoLC)7671392 |
| 035 ## - SYSTEM CONTROL NUMBER | |
| System control number | (OCoLC)ocm07671392 |
| 035 ## - SYSTEM CONTROL NUMBER | |
| System control number | (CStRLIN)NYCG84-B52808 |
| 035 ## - SYSTEM CONTROL NUMBER | |
| System control number | (NNC)247238 |
| 040 ## - CATALOGING SOURCE | |
| Modifying agency | CStRLIN |
| Transcribing agency | DCL |
| 043 ## - GEOGRAPHIC AREA CODE | |
| Geographic area code | f-nr--- |
| 050 0# - LIBRARY OF CONGRESS CALL NUMBER | |
| Classification number | DT515.5 |
| Item number | .I8 1983 |
| 082 0# - DEWEY DECIMAL CLASSIFICATION NUMBER | |
| Classification number | 966.9 |
| Edition number | 19 |
| 090 ## - LOCALLY ASSIGNED LC-TYPE CALL NUMBER (OCLC); LOCAL CALL NUMBER (OCLC) | |
| Classification number (OCLC) (R) ; Classification number, CALL (RLIN) (NR) | DT515.5 |
| Local cutter number (OCLC) ; Book number/undivided call number, CALL (RLIN) | .I8 1983 |
| 300 ## - PHYSICAL DESCRIPTION | |
| Other physical details | ill. ; |
| Dimensions | 24 cm. |
| 100 1# - MAIN ENTRY--PERSONAL NAME | |
| Personal name | Isichei, Elizabeth Allo. |
| 9 (RLIN) | 8973 |
| 245 12 - TITLE STATEMENT | |
| Title | A history of Nigeria / |
| Statement of responsibility, etc | Elizabeth Isichei ; with a contribution by Peter Uche Isichei. |
| Remainder of title | 46500002589 |
| 260 ## - PUBLICATION, DISTRIBUTION, ETC. (IMPRINT) | |
| Place of publication, distribution, etc | London ; |
| -- | New York : |
| Name of publisher, distributor, etc | Longman, |
| Date of publication, distribution, etc | 1983. |
| 300 ## - PHYSICAL DESCRIPTION | |
| Extent | xix, 517 p. : |
| 500 ## - GENERAL NOTE | |
| General note | Includes index. |
| 504 ## - BIBLIOGRAPHY, ETC. NOTE | |
| Bibliography, etc | Bibliography: p. 488-503. |
| 651 #0 - SUBJECT ADDED ENTRY--GEOGRAPHIC NAME | |
| Geographic name | Nigeria |
| General subdivision | History. |
| 9 (RLIN) | 8974 |
| 942 ## - ADDED ENTRY ELEMENTS (KOHA) | |
| Source of classification or shelving scheme | Library of Congress Classification |
| Koha item type | Monograph ( Printed materials) |
| Withdrawn status | Lost status | Source of classification or shelving scheme | Damaged status | Not for loan | Collection code | Home library | Current library | Shelving location | Date acquired | Total Checkouts | Full call number | Barcode | Date last seen | Date checked out | Price effective from | Koha item type |
|---|---|---|---|---|---|---|---|---|---|---|---|---|---|---|---|---|
| Library of Congress Classification | Main Collection | ARRUPE LIBRARY | ARRUPE LIBRARY | Main Collection | 27/03/2015 | 9 | DT515.5 .I8 1983 | 46500002588 | 26/09/2022 | 15/09/2022 | 27/03/2015 | Monograph ( Printed materials) |